|
|
|
|
| LEADER |
00865nam a2200265 4500 |
| 001 |
DLU110128517 |
| 005 |
##20111125 |
| 040 |
# |
# |
|a DLU
|b vie
|
| 041 |
# |
# |
|a vie
|
| 044 |
# |
# |
|a vn
|
| 100 |
# |
# |
|a Đinh Công Tuấn,
|c PGS.TS.
|
| 245 |
# |
# |
|a Quá trình chuyển đổi sang nền kinh tế thị trường ở các nước Đông Âu :
|b Kinh nghiệm cho Việt Nam /
|c Đinh Công Tuấn.
|
| 653 |
# |
# |
|a Cải cách kinh tế
|
| 653 |
# |
# |
|a Kinh tế nhiều thành phần
|
| 653 |
# |
# |
|a Kinh tế thị trường
|
| 773 |
# |
# |
|t Nghiên cứu Châu Âu
|g Số 4(115), 2010, tr. 3-16
|
| 920 |
# |
# |
|a Phòng Tạp chí -- Trung tâm Thông tin - Thư viện Trường Đại học Đà Lạt
|
| 994 |
# |
# |
|a DLU
|
| 900 |
# |
# |
|a True
|
| 911 |
# |
# |
|a Nguyễn Thị Linh Chi
|
| 925 |
# |
# |
|a G
|
| 926 |
# |
# |
|a A
|
| 927 |
# |
# |
|a BB
|
| 980 |
# |
# |
|a Thư viện Trường Đại học Đà Lạt
|